NEUROLOGY AND NEUROSURGERY ILLUSTRATED (Record no. 15655)

MARC details
000 -LEADER
fixed length control field 00360nam a22001577a 4500
003 - CONTROL NUMBER IDENTIFIER
control field SGT
020 ## - INTERNATIONAL STANDARD BOOK NUMBER
International Standard Book Number 978-0443-06978-9
082 ## - DEWEY DECIMAL CLASSIFICATION NUMBER
Classification number 612.8
Item number N17L
100 ## - MAIN ENTRY--PERSONAL NAME
Personal name LINDSAY KENNETH W.
245 ## - TITLE STATEMENT
Title NEUROLOGY AND NEUROSURGERY ILLUSTRATED
250 ## - EDITION STATEMENT
Edition statement 5TH
260 ## - PUBLICATION, DISTRIBUTION, ETC. (IMPRINT)
Place of publication, distribution, etc INDIA
Name of publisher, distributor, etc ELSEVIER
Year of Publication 2017
300 ## - PAGE DESCRIPTION
No. of Pages 600
650 ## - SUBJECT ADDED ENTRY--TOPICAL TERM
Topical term or geographic name as entry element NEUROLOGY
942 ## - ADDED ENTRY ELEMENTS (KOHA)
Source of classification or shelving scheme Dewey Decimal Classification
Koha item type Books
942 ## - ADDED ENTRY ELEMENTS (KOHA)
-- 18
Holdings
Withdrawn status Lost status Source of classification or shelving scheme Damaged status Not for loan Collection code Home library Current library Shelving location Date acquired Vendor Name SGTU Bill Number Total Checkouts Full call number Accession No. (Barcode) Date last seen Date last borrowed Bill Date Koha item type
    Dewey Decimal Classification     MEDICAL SGT Medical Library SGT Medical Library Reference Book 10/07/2018 1088 SGTU 9732 38 612.8 N17L FM10750 08/11/2025 08/11/2025 15/05/2018 Books